[Event "Baile Herculane zt"]
[Site "Baile Herculane"]
[Date "1982.??.??"]
[Round "9"]
[White "Farago, Ivan"]
[Black "Georgiev, Krum"]
[Result "1-0"]
[WhiteElo "2485"]
[BlackElo "2465"]

1.d4 Nf6 2.c4 g6 3.Nc3 Bg7 4.e4 O-O 5.Nf3 d6 6.Be2 e5 7.O-O Nc6 8.d5 Ne7
9.Nd2 Nd7 10.b4 f5 11.c5 Nf6 12.f3 f4 13.Nc4 g5 14.a4 Ng6 15.Ba3 Rf7 16.b5 dxc5
17.Bxc5 Bf8 18.Bxf8 Qxf8 19.a5 h5 20.b6 g4 21.bxc7 Rxc7 22.d6 Rg7 23.fxg4 Nxg4
24.Qd5+ Qf7 25.Qxf7+ Kxf7 26.Rab1 Nf6 27.Rb5 Ke6 28.Nd5 Nxd5 29.Rxd5 Bd7
30.Bxh5 Rc8 31.Bg4+ Kf6 32.Nxe5 Nxe5 33.Rxf4+ Kg5 34.Bxd7  1-0

[Event "Baile Herculane zt"]
[Site "Baile Herculane"]
[Date "1982.??.??"]
[Round "20"]
[White "Ftacnik, Lubomir"]
[Black "Sznapik, Aleksander"]
[Result "0-1"]
[WhiteElo "2560"]
[BlackElo "2440"]

1.d4 Nf6 2.c4 g6 3.Nc3 Bg7 4.e4 d6 5.Be2 O-O 6.Nf3 e5 7.O-O Nc6 8.d5 Ne7
9.Ne1 Nd7 10.Nd3 f5 11.Bd2 Nf6 12.f3 f4 13.c5 g5 14.Rc1 Ng6 15.cxd6 cxd6
16.Nb5 Rf7 17.Qc2 Ne8 18.a4 h5 19.Nf2 Bf8 20.Nxa7 Bd7 21.Nb5 Rg7 22.h3 Nh4
23.Qb3 g4 24.fxg4 hxg4 25.hxg4 Nf6 26.Be1 Nh5 27.Rc3 Ng3 28.Rxg3 fxg3 29.Qxg3 Rxa4
30.Nc3 Ra1 31.Nfd1 Be7 32.Ne3 Ng6 33.Qf2 Bh4 34.g3 Nf4 35.Kh2 Nxe2 36.gxh4 Nf4
37.g5 Rh7 38.Nf5 Bxf5 39.exf5 Nd3 40.Qg3 Rxe1 41.Rxe1 Nxe1 42.Kh3 Qc8 43.Qg4 Nd3
44.Ne4 Qc1 45.Qf3 Nf4+ 46.Kg4 Qg1+  0-1

[Event "DSV-Turnier"]
[Site "Berlin-Ost"]
[Date "1982.??.??"]
[Round "5"]
[White "Ghitescu, Theodor"]
[Black "Uhlmann, Wolfgang"]
[Result "1-0"]
[WhiteElo "2425"]
[BlackElo "2510"]

1.d4 Nf6 2.c4 g6 3.Nc3 Bg7 4.e4 d6 5.Nf3 O-O 6.Be2 e5 7.O-O Nc6 8.d5 Ne7
9.b4 Nh5 10.g3 f5 11.Ng5 Nf6 12.f3 f4 13.b5 Ne8 14.Ne6 Bxe6 15.dxe6 Qc8 16.Nd5 Qxe6
17.Nxe7+ Qxe7 18.Qd5+ Kh8 19.Qxb7 Nf6 20.Bd2 h5 21.Kg2 g5 22.Ba5 Rfc8 23.Rac1 Bh6
24.c5 dxc5 25.Qc6 Bf8 26.Bc4 Qd6 27.Rfd1 Qxc6 28.bxc6 Bd6 29.Rb1 fxg3 30.hxg3 g4
31.Be6 Rf8 32.Bf5 gxf3+ 33.Kxf3 Ne8 34.Rb7 Ng7 35.Bxc7 Bxc7 36.Rxc7 Ne6 37.Rh7+ Kg8
38.Kg2 Nd4 39.Rb7 Nxc6 40.Be6+  1-0

[Event "HUN-ch"]
[Site "Budapest"]
[Date "1982.??.??"]
[Round "?"]
[White "Sinkovics, Peter"]
[Black "Karsa, Laszlo"]
[Result "0-1"]
[WhiteElo "2270"]
[BlackElo "2385"]

1.d4 Nf6 2.c4 g6 3.Nc3 Bg7 4.Nf3 O-O 5.e4 d6 6.Be2 e5 7.O-O Nc6 8.d5 Ne7
9.Nd2 c5 10.dxc6 bxc6 11.b4 d5 12.b5 d4 13.Na4 d3 14.Bf3 g5 15.g3 Rb8 16.Rb1 g4
17.Bg2 cxb5 18.cxb5 Bd7 19.Nc3 Qa5 20.Rb3 Be6 21.Ra3 Qc7 22.Ndb1 Rfd8 23.Be3 Nc8
24.Ra6 Qd7 25.a4 Rb7 26.Nd2 Nb6 27.Rxa7 Rxa7 28.Bxb6 Rc8 29.Bxa7 Qxa7 30.Nd5 Nxd5
31.exd5 Bd7 32.Qb3 Qd4 33.a5 Rc3 34.Qb1 Bc8 35.b6 Rc2 36.Qb5 Rxd2 37.Qe8+ Bf8
38.Qxc8 Rxf2 39.Rxf2 d2 40.b7 d1=Q+ 41.Bf1 Qf3  0-1

[Event "Budapest"]
[Site "Budapest"]
[Date "1982.??.??"]
[Round "4"]
[White "Burger, Karl"]
[Black "Uhlmann, Wolfgang"]
[Result "1-0"]
[WhiteElo "2420"]
[BlackElo "2515"]

1.Nf3 Nf6 2.c4 g6 3.Nc3 Bg7 4.e4 d6 5.d4 O-O 6.Be2 e5 7.O-O Nc6 8.d5 Ne7
9.Nd2 c5 10.dxc6 bxc6 11.b4 d5 12.Ba3 a6 13.Bf3 Be6 14.cxd5 cxd5 15.b5 Re8
16.b6 d4 17.Na4 Nd7 18.Rb1 Rb8 19.Bd6 Rb7 20.Bc7 Rxc7 21.bxc7 Qxc7 22.Rc1 Qb8
23.Nc4 Bh6 24.Rc2 Rc8 25.Be2 f5 26.f3 Nc6 27.Rb2 Qa7 28.Bd3 a5 29.Nd6 Rf8
30.Rb7 Qa8 31.a3 Nd8 32.Rc7 Qb8 33.Qc2 fxe4 34.Nxe4 Qb3 35.Rxd7 Qxc2 36.Nf6+ Rxf6
37.Rxd8+ Kg7 38.Bxc2 Be3+ 39.Kh1 Bc4 40.Rb1 Rc6 41.Be4 Rc7 42.Rb7 Rxb7 43.Bxb7 d3
44.Nb2 d2 45.Nxc4 Bd4 46.Nxd2  1-0

[Event "Midwest Masters"]
[Site "Chicago"]
[Date "1982.??.??"]
[Round "4"]
[White "Chachere, Lawrence"]
[Black "Kus, C."]
[Result "1-0"]
[WhiteElo "2230"]
[BlackElo "2235"]

1.d4 Nf6 2.c4 g6 3.Nf3 Bg7 4.Nc3 O-O 5.e4 d6 6.Be2 Nc6 7.O-O e5 8.d5 Ne7
9.Ne1 Nd7 10.f3 f5 11.g4 Nf6 12.Nd3 Kh8 13.Be3 h6 14.h4 Nh7 15.Bf2 Ng8 16.Ne1 Bd7
17.Ng2 Rf7 18.Rc1 a6 19.c5 Ngf6 20.a4 Qf8 21.cxd6 cxd6 22.a5 Rc8 23.Ne3 fxg4
24.fxg4 Ne8 25.b3 Nef6 26.Nc4 Rc7 27.Nb6 Bc8 28.Be3 Qe7 29.g5 Ng8 30.Rxf7 Qxf7
31.Nxc8 Rxc8 32.Bg4 Rc7 33.Bb6 Re7 34.Be3 Rc7 35.Qd2 Qe8 36.Be6 Qd8 37.Rf1 Qe8
38.Bb6 Re7 39.Nd1 Rxe6 40.dxe6 Qxe6 41.Qg2 Ne7 42.b4 Nc6 43.Ne3 Nxb4 44.Nd5 Nxd5
45.exd5 Qe7 46.gxh6 Bxh6 47.Qxg6 Bf4 48.Rxf4  1-0

[Event "Politiken Cup"]
[Site "Copenhagen"]
[Date "1982.??.??"]
[Round "1"]
[White "Berg, Klaus"]
[Black "Portisch, Ferenc"]
[Result "1/2-1/2"]
[WhiteElo "2295"]
[BlackElo "2410"]

1.Nf3 Nf6 2.c4 g6 3.Nc3 Bg7 4.e4 d6 5.d4 O-O 6.Be2 e5 7.O-O Nc6 8.d5 Ne7
9.Ne1 Nd7 10.Nd3 f5 11.Bd2 fxe4 12.Nxe4 Nf5 13.Bc3 Nf6 14.Bf3 Nxe4 15.Bxe4 Qh4
16.Re1 Bd7 17.g3 Qg5 18.Qc1 Qh5 19.Qd1 Qg5 20.Qc1 Qh5 21.Qd1 Qg5  1/2-1/2

[Event "Politiken Cup"]
[Site "Copenhagen"]
[Date "1982.??.??"]
[Round "9"]
[White "Berg, Klaus"]
[Black "Ernst, Thomas"]
[Result "1/2-1/2"]
[WhiteElo "2295"]
[BlackElo "2355"]

1.Nf3 g6 2.d4 Bg7 3.c4 d6 4.Nc3 Nf6 5.e4 O-O 6.Be2 e5 7.O-O Nc6 8.d5 Ne7
9.Ne1 Nd7 10.Nd3 f5 11.Bd2 Nf6 12.f3 f4 13.c5 g5 14.Rc1 Ng6 15.cxd6 cxd6
16.Nb5 Rf7 17.Qc2 Ne8 18.a4 h5 19.Nf2 Bf8 20.h3 Nh4 21.Nxa7 Bd7 22.Nb5 Rg7
23.Qb3 Kh8 24.a5 g4 25.fxg4 Nf6 26.Be1 hxg4 27.hxg4 Nxg4 28.Bxg4 Bxg4 29.Nxg4 Rxg4
30.Bxh4 Qxh4 31.Nc7 Rg3 32.Rf3 Rxa5 33.Ne6 Be7 34.Rxg3 fxg3 35.Qf3 Ra8 36.Kf1 Rf8
37.Nxf8 Qh1+ 38.Ke2 Qxc1 39.Ng6+ Kg7 40.Qxg3 Qxb2+ 41.Kf1 Qc1+ 42.Kf2 Bg5
43.Nh4 b5 44.Qg4 Qd2+ 45.Kf1 Qc1+  1/2-1/2

[Event "CUB-ch"]
[Site "?"]
[Date "1982.??.??"]
[Round "3"]
[White "Hernandez, Roman"]
[Black "Rodriguez, Amador"]
[Result "1/2-1/2"]
[WhiteElo "2400"]
[BlackElo "2485"]

1.d4 Nf6 2.c4 g6 3.Nc3 Bg7 4.e4 d6 5.Be2 O-O 6.Nf3 e5 7.O-O Nc6 8.d5 Ne7
9.Nd2 a5 10.b3 Nd7 11.Ba3 Nc5  1/2-1/2

[Event "CSR-ch"]
[Site "Frenstat"]
[Date "1982.??.??"]
[Round "5"]
[White "Ftacnik, Lubomir"]
[Black "Vokac, Marek"]
[Result "1-0"]
[WhiteElo "2560"]
[BlackElo "2330"]

1.d4 Nf6 2.c4 g6 3.Nc3 Bg7 4.e4 d6 5.Be2 O-O 6.Nf3 e5 7.O-O Nc6 8.d5 Ne7
9.Ne1 Nd7 10.Nd3 f5 11.Bd2 Nf6 12.f3 f4 13.c5 g5 14.Rc1 Ng6 15.cxd6 cxd6
16.Nb5 Rf7 17.Qc2 Ne8 18.a4 h5 19.Nf2 Bf8 20.Nxa7 Bd7 21.Nb5 Rg7 22.h3 Nh4
23.Qb3 g4 24.fxg4 hxg4 25.hxg4 Nf6 26.Nc7 Nxg4 27.Ne6 Nxf2 28.Rxf2 Bxe6 29.dxe6 Kh8
30.Rc3 Be7 31.Rh3 Qg8 32.Kf1 Qh7 33.Bf3 Rg3 34.Qxb7 Rag8 35.Rh2 R3g6 36.Bc3 Rxe6
37.a5 Rh6 38.Rh3 Qf7 39.Qd5 Qg7 40.a6 Nxf3 41.Rxh6+ Qxh6 42.gxf3 Bh4 43.Rh2 Qh5
44.Ke2 Rg3 45.Rf2 Rg1 46.a7 Bxf2 47.a8=Q+ Kh7 48.Qf8  1-0

[Event "Gausdal Jubilee"]
[Site "Gausdal"]
[Date "1982.??.??"]
[Round "4"]
[White "Stean, Michael"]
[Black "Agdestein, Espen"]
[Result "1-0"]
[WhiteElo "2505"]
[BlackElo "2255"]

1.c4 Nf6 2.Nc3 g6 3.e4 d6 4.d4 Bg7 5.Be2 O-O 6.Nf3 e5 7.O-O Nc6 8.d5 Ne7
9.Ne1 Nd7 10.Nd3 f5 11.Bd2 Nf6 12.f3 f4 13.c5 g5 14.cxd6 cxd6 15.Nf2 Ng6
16.Qc2 Rf7 17.Rfc1 h5 18.Nb5 Ne8 19.a4 Nh4 20.Nxa7 Bd7 21.Nb5 Bf8 22.Qd1 Rg7
23.h3 g4 24.fxg4 hxg4 25.hxg4 Nf6 26.Be1 Nh5 27.Nc7 Ng3 28.Nxa8 Nxg2 29.Kxg2 Qh4
30.Nb6 Nxe2 31.Qxe2 Qg3+ 32.Kf1 f3 33.Qxf3 Qxf3 34.Rc3 Qf4 35.Nxd7 Rxd7 36.Rd1 Rf7
37.Ke2 Be7 38.Rdd3 Qg5 39.Bd2 Qg6 40.Rf3 Rxf3 41.Rxf3 Bg5 42.Bxg5 Qxg5 43.Rb3 Qe7
44.Rb6 Qc7 45.a5 Kf7 46.Kf3 Kg6 47.Nd1 Kg5 48.Nc3 Qd7 49.Ke3 Kxg4 50.b4 Qc7
51.Kd3 Kf3 52.Nb5 Qc1 53.Nc3 Qf1+ 54.Kc2 Ke3 55.Rxb7 Qd3+ 56.Kb3 Kd2 57.Rc7 Kc1
58.Rc6  1-0

[Event "Gausdal Int"]
[Site "Gausdal"]
[Date "1982.??.??"]
[Round "8"]
[White "Ogaard, Leif"]
[Black "Tiller, Bjorn"]
[Result "0-1"]
[WhiteElo "2510"]
[BlackElo "2420"]

1.d4 Nf6 2.c4 g6 3.Nc3 Bg7 4.e4 d6 5.Be2 O-O 6.Nf3 e5 7.O-O Nc6 8.d5 Ne7
9.Nd2 c5 10.Rb1 Ne8 11.b4 b6 12.bxc5 bxc5 13.Nb3 f5 14.Bd2 Kh8 15.f3 Ng8
16.Qc2 Ngf6 17.exf5 gxf5 18.f4 e4 19.Nd1 a5 20.a4 h5 21.h3 h4 22.Ne3 Bd7
23.Bc3 Nh7 24.Rb2 Bxa4 25.Ra1 Bxb3 26.Rxb3 Bd4 27.Qd2 Qf6 28.Rd1 a4 29.Ra3 Bxc3
30.Qxc3 Ng7 31.Qa1 Rfb8 32.Rxa4 Rxa4 33.Qxa4 Rb2 34.Qa8+ Qf8 35.Qxf8+ Nxf8
36.Bf1 Ng6 37.Ra1 Nxf4 38.Ra6 Ne2+ 39.Bxe2 Rxe2 40.Nf1 e3 41.Nxe3 Rxe3 42.Rxd6 Re4
43.Rc6  0-1

[Event "Hastings8283"]
[Site "Hastings"]
[Date "1982.??.??"]
[Round "?"]
[White "Ftacnik, Lubomir"]
[Black "Littlewood, Paul E"]
[Result "1/2-1/2"]
[WhiteElo "2535"]
[BlackElo "2465"]

1.Nf3 Nf6 2.c4 g6 3.Nc3 Bg7 4.d4 O-O 5.e4 d6 6.Be2 e5 7.O-O Nc6 8.d5 Ne7
9.Ne1 Nd7 10.Nd3 f5 11.Bd2 Nf6 12.f3 Kh8 13.Rc1 c6 14.b4 b5 15.dxc6 bxc4
16.Nb2 Nxc6 17.Nxc4 Nd4 18.Be3 Ba6 19.a4 Rc8 20.b5 Bb7 21.Bd3 Re8 22.a5 Re7
23.Qa4 fxe4 24.fxe4 d5 25.Nxe5 dxe4 26.Qxd4 exd3 27.a6 Ba8 28.Nc6 Bxc6 29.bxc6 Qxd4
30.Bxd4 Rxc6 31.Rcd1 Ng8 32.Bxg7+ Kxg7 33.Rxd3 Rxa6 34.Rfd1 Nf6 35.Nd5 Nxd5
36.Rxd5 Ra2 37.Rd7 Re2 38.Rxe7+ Rxe7 39.Ra1 Kf6 40.Kf2 Ke5 41.Kg3 Kd6 42.Kg4 Kc6
43.Kg5 Kb6 44.Rb1+ Kc7 45.Ra1 Kb7 46.Rb1+ Ka8 47.Kf6 Re2 48.Rg1 a6 49.h4 Ka7
50.g4 Rh2 51.Kg5 a5 52.h5 gxh5 53.gxh5 Rc2 54.Kh6 Rc7 55.Rg7  1/2-1/2

[Event "Havana"]
[Site "Havana"]
[Date "1982.??.??"]
[Round "1"]
[White "Vilela, Jose Luis"]
[Black "Rodriguez, Amador"]
[Result "1/2-1/2"]
[WhiteElo "2445"]
[BlackElo "2485"]

1.d4 Nf6 2.c4 g6 3.Nc3 Bg7 4.e4 d6 5.Be2 O-O 6.Nf3 e5 7.O-O Nc6 8.d5 Ne7
9.Nd2 a5 10.a3 c5 11.Rb1 Ne8 12.b4 axb4 13.axb4 b6 14.bxc5 bxc5 15.Nb3 f5
16.f3 Nf6 17.Bd2 Nh5 18.Re1 Kh8 19.Ra1 Rxa1 20.Qxa1 Ng8 21.Qc1 Ngf6 22.Bd3 fxe4
23.Nxe4 Nxe4 24.Bxe4 Nf4 25.Qc2 Bd7 26.Nc1  1/2-1/2

[Event "Havana"]
[Site "Havana"]
[Date "1982.??.??"]
[Round "2"]
[White "Vilela, Jose Luis"]
[Black "Hernandez, Roman"]
[Result "1-0"]
[WhiteElo "2445"]
[BlackElo "2400"]

1.d4 Nf6 2.c4 g6 3.Nc3 Bg7 4.e4 d6 5.Be2 O-O 6.Nf3 e5 7.O-O Nc6 8.d5 Ne7
9.Nd2 c5 10.dxc6 bxc6 11.b4 d5 12.b5 d4 13.Na4 Nh5 14.Ba3 Nf4 15.Rb1 Re8
16.Re1 Kh8 17.Bf1 Ng8 18.bxc6 Re6 19.g3 Nh5 20.Nc5 Rxc6 21.Nd3 Nh6 22.Rb5 Ra6
23.Bc1 Ra5 24.Rb2 Bg4 25.Be2 Bxe2 26.Qxe2 Ng8 27.Nb3 Ra4 28.Nbc5 Ra3 29.Rb7 Rc3
30.Bb2 Nh6 31.Bxc3 dxc3 32.Qc2 Qd4 33.Rc1 Qxc4 34.Rb4  1-0

[Event "Havana"]
[Site "Havana"]
[Date "1982.??.??"]
[Round "3"]
[White "Hernandez, Roman"]
[Black "Rodriguez, Amador"]
[Result "1/2-1/2"]
[WhiteElo "2400"]
[BlackElo "2485"]

1.d4 Nf6 2.c4 g6 3.Nc3 Bg7 4.e4 d6 5.Nf3 O-O 6.Be2 e5 7.O-O Nc6 8.d5 Ne7
9.Nd2 a5 10.Rb1 c5 11.f4 exf4 12.Nf3 Ng4 13.Bxf4 f5 14.Qd2 fxe4 15.Nxe4 Nf5
16.Bd3 Nf6 17.Nxf6+ Bxf6 18.Ng5 b6 19.Ne6 Bxe6 20.dxe6 Ra7 21.Bxf5 Bd4+ 22.Be3 Bxe3+
23.Qxe3 gxf5 24.Rbd1 Rg7 25.Rd5 Qe7 26.Qd3 Rg6 27.Rxd6 Rxe6 28.Qg3+ Kh8 29.Qc3+ Kg8
30.Qg3+ Kh8 31.Qc3+ Kg8 32.Rxe6 Qxe6 33.Re1 Qd7 34.Qg3+ Kf7 35.Qg5 Qd4+ 36.Kh1 Qf6
37.Qh5+ Kg7 38.b3 Rd8 39.h3 h6 40.Kh2 Rf8 41.Qf3 Rd8 42.Qg3+ Kh7 43.Qf4 Rd4
44.Qc7+ Kg6 45.Re3 Qd6+ 46.Qxd6+  1/2-1/2

[Event "NOR-ch"]
[Site "Lillehammer"]
[Date "1982.??.??"]
[Round "1"]
[White "Tiller, Bjorn"]
[Black "Agdestein, Espen"]
[Result "1-0"]
[WhiteElo "2420"]
[BlackElo "2265"]

1.c4 g6 2.e4 Bg7 3.d4 d6 4.Nc3 Nf6 5.Nf3 O-O 6.Be2 e5 7.O-O Nc6 8.d5 Ne7
9.Nd2 c5 10.Rb1 Ne8 11.b4 b6 12.bxc5 bxc5 13.Nb3 f5 14.Bd2 Kh8 15.f3 Ng8
16.Nc1 Bh6 17.Nd3 Nef6 18.Bxh6 Nxh6 19.Qa4 Nf7 20.Rb3 fxe4 21.fxe4 Bg4 22.Rb2 Ng5
23.Qd1 Bd7 24.Nf2 Qe8 25.Qd2 Nf7 26.Rfb1 Nh5 27.Rb7 Qd8 28.Bf1 Nf4 29.Qe3 Ng5
30.Kh1 Bc8 31.Rb8 Rxb8 32.Rxb8 Qf6 33.Kg1 a6 34.h4 Nf7 35.g3 Nh5 36.Bh3 Nh6
37.Rxc8 Rxc8 38.Bxc8 Qd8 39.Be6 Kg7 40.Ng4 Nxg4 41.Bxg4 Nf6 42.Bd1  1-0

[Event "Luzern ol (Men)"]
[Site "Luzern"]
[Date "1982.??.??"]
[Round "6"]
[White "Stean, Michael"]
[Black "Hjartarson, Johann"]
[Result "1/2-1/2"]
[WhiteElo "2530"]
[BlackElo "2400"]

1.d4 Nf6 2.Nf3 g6 3.c4 Bg7 4.Nc3 d6 5.e4 O-O 6.Be2 e5 7.O-O Nc6 8.d5 Ne7
9.Ne1 Nd7 10.Nd3 f5 11.Bd2 Nf6 12.f3 f4 13.c5 g5 14.cxd6 cxd6 15.Nf2 h5 16.h3 Rf7
17.Qc2 Bf8 18.Nb5 Ng6 19.Rfc1 Ne8 20.Nxa7 Bd7 21.Nb5 g4 22.fxg4 hxg4 23.hxg4 f3
24.gxf3 Bxb5 25.Bxb5 Rxf3 26.Qd1 Rxf2 27.Kxf2 Qb6+ 28.Be3 Qxb5 29.Qe2 Qd7
30.g5 Ra4 31.Rc4 Qf7+ 32.Kg3 Nf4 33.Qc2 Qh5 34.Bxf4 exf4+ 35.Kxf4 Qh4+ 36.Kf3 Qh3+
37.Ke2 Qg2+ 38.Kd3 Qf3+ 39.Kd2 Qg2+ 40.Kd3 Qf3+ 41.Kd2  1/2-1/2

[Event "Luzern ol (Men)"]
[Site "Luzern"]
[Date "1982.??.??"]
[Round "9"]
[White "Durao, Joaquim"]
[Black "Kourkounakis, Ilias"]
[Result "1/2-1/2"]
[WhiteElo "2290"]
[BlackElo "2310"]

1.e4 g6 2.c4 Bg7 3.Nf3 d6 4.d4 Nf6 5.Nc3 O-O 6.Be2 e5 7.O-O Nc6 8.d5 Ne7
9.b4 Nh5 10.c5 f5 11.Nd2 Nf6 12.f3 f4 13.Nc4 g5 14.g4 h5 15.h3 Ng6 16.cxd6 cxd6
17.Nb5 Ne8 18.Rf2  1/2-1/2

[Event "Marbella zt-B"]
[Site "Marbella"]
[Date "1982.??.??"]
[Round "7"]
[White "Stean, Michael"]
[Black "Sanz Alonso, Francisco Javier"]
[Result "1-0"]
[WhiteElo "2505"]
[BlackElo "2355"]

1.c4 Nf6 2.Nc3 g6 3.e4 d6 4.d4 Bg7 5.Be2 O-O 6.Nf3 e5 7.O-O Nc6 8.d5 Ne7
9.Ne1 Nd7 10.Nd3 f5 11.Bd2 Nf6 12.f3 f4 13.c5 g5 14.cxd6 cxd6 15.Nf2 Rf7
16.Qc2 h5 17.h3 Bf8 18.Rfc1 Bd7 19.a4 Rg7 20.Qd1 a6 21.a5 Kh8 22.Na4 Nc8
23.Rc4 Be7 24.Rb4 Rb8 25.Ra3 Na7 26.Nb6 Bb5 27.Rab3 Qe8 28.Bc3 Bd8 29.Nc4 Bc7
30.Kf1 Ba4 31.Nb6 Bxb3 32.Qxb3 Nc8 33.Nc4 Bd8 34.Ke1 Kh7 35.Kd1 Kh8 36.Kc1 Kh7
37.Kb1 Kh8 38.Nd3 Re7 39.h4 Qg8 40.Ncxe5 dxe5 41.Bxe5 Rxe5 42.Nxe5 Nd6 43.Nd3 gxh4
44.Nxf4 Nd7 45.Qc3+ Qg7 46.Qxg7+ Kxg7 47.Ne6+ Kh6 48.Nxd8 Rxd8 49.f4 Rg8
50.Bf3 Rg3 51.e5 Nb5 52.Be4 Nc5 53.d6 Nxe4 54.Rxe4 Rxg2 55.d7 Rd2 56.e6 Nc7
57.f5 Kg5 58.Rc4 Kf6 59.Rxc7 h3 60.Rc2  1-0

[Event "Plovdiv"]
[Site "Plovdiv"]
[Date "1982.??.??"]
[Round "1"]
[White "Velikov, Petar"]
[Black "Georgiev, Krum"]
[Result "1/2-1/2"]
[WhiteElo "2485"]
[BlackElo "2450"]

1.d4 Nf6 2.c4 g6 3.Nc3 Bg7 4.e4 d6 5.Nf3 O-O 6.Be2 e5 7.O-O Nc6 8.d5 Ne7
9.Ne1 Ne8 10.Nd3 c5 11.a3 f5 12.b4 b6 13.Bd2 Bd7 14.Rb1 Rc8 15.bxc5 dxc5
16.f3 Nd6 17.Qb3 f4 18.a4 g5 19.Nf2 Rc7 20.a5 Nec8 21.Ra1 h5 22.h3 Bf6 23.axb6 axb6
24.Ra8 Qe8 25.Rfa1 Qg6  1/2-1/2

[Event "POL-ch"]
[Site "POL"]
[Date "1982.??.??"]
[Round "?"]
[White "Swic, Waldemar"]
[Black "Steczkowski, Kazimierz"]
[Result "1/2-1/2"]
[WhiteElo "2345"]
[BlackElo "2275"]

1.Nf3 Nf6 2.c4 g6 3.Nc3 Bg7 4.d4 O-O 5.e4 d6 6.Be2 e5 7.O-O Nc6 8.d5 Ne7
9.Ne1 Nd7 10.f3 f5 11.g4 Nf6 12.Be3 h5  1/2-1/2

[Event "Reykjavik op"]
[Site "Reykjavik"]
[Date "1982.??.??"]
[Round "?"]
[White "Zaltsman, Vitaly F"]
[Black "Olafsson, Helgi"]
[Result "1/2-1/2"]
[WhiteElo "2405"]
[BlackElo "2430"]

1.c4 Nf6 2.Nf3 g6 3.Nc3 Bg7 4.e4 O-O 5.d4 d6 6.Be2 e5 7.O-O Nc6 8.d5 Ne7
9.Ne1 Nd7 10.Nd3 f5 11.Bd2 Nf6 12.f3 f4 13.c5 g5 14.cxd6 cxd6 15.Nf2 Ng6
16.a4 h5 17.h3 Rf7 18.Nb5 Bh6 19.Rc1 Nf8 20.Rc3 Rg7 21.Be1 a6 22.Na3 g4 23.fxg4 hxg4
24.hxg4 Bg5 25.Rh3 Ng6 26.Nc4 Bh4 27.Ba5 Qf8 28.Bf3 Bxf2+ 29.Rxf2 Nh8 30.Rh4 Rg5
31.Bc7 Ne8 32.Bd8 Nf6 33.Bxf6 Qxf6 34.Nb6 Rb8 35.Rc2 Qd8 36.a5 Bd7 37.Kf2 Nf7
38.Qh1 Bb5 39.Rh7 Rg7 40.Rh5 Qe7 41.Qc1 Ng5 42.Rc3 Be8 43.Rh6 Bg6 44.Rc4 Rf8
45.b4 Nh7 46.Qh1 Qg5 47.Qh4 Qxh4+ 48.Rxh4 Rgf7 49.Ke2 Kg7 50.Rh1 Kf6 51.Rhc1 Kg5
52.Rc7 Kf6 53.Kd3 Kg5 54.Ke2 Nf6 55.Kd3 Nxg4 56.Ke2  1/2-1/2

[Event "Reykjavik op"]
[Site "Reykjavik"]
[Date "1982.??.??"]
[Round "?"]
[White "Goodman, David SC"]
[Black "Arnason, Asgeir T"]
[Result "0-1"]
[WhiteElo "2345"]
[BlackElo "2240"]

1.d4 Nf6 2.c4 g6 3.Nc3 Bg7 4.e4 O-O 5.Be2 d6 6.Nf3 e5 7.O-O Nc6 8.d5 Ne7
9.b4 Nh5 10.c5 f5 11.Ng5 Nf4 12.Bc4 fxe4 13.Ngxe4 Nf5 14.f3 Nh4 15.g3 Nh3+
16.Kh1 Nf5 17.Kg2 Bh6 18.Bxh6 Nxh6 19.Qd2 Nf5 20.Ne2 g5 21.a4 h6 22.a5 Qe8
23.Rac1 Qg6 24.Bd3 Rf7 25.cxd6 cxd6 26.Rc3 Kh8 27.Qc1 Bd7 28.Rc7 Rg8 29.Qd2 Nh4+
30.gxh4 gxh4+ 31.N4g3 Qh5 32.Be4 hxg3 33.Nxg3 Nf4+ 34.Kg1 Rfg7 35.Qe1 Qh3
36.Rxd7  0-1

[Event "DDR-ch 31th"]
[Site "Salzwedel"]
[Date "1982.??.??"]
[Round "1"]
[White "Moehring, Guenther"]
[Black "Paehtz, Thomas Sr"]
[Result "0-1"]
[WhiteElo "2405"]
[BlackElo "2380"]

1.Nf3 Nf6 2.c4 g6 3.Nc3 Bg7 4.d4 O-O 5.e4 d6 6.Be2 e5 7.O-O Nc6 8.d5 Ne7
9.Ne1 Nd7 10.Nd3 f5 11.Bd2 Nf6 12.f3 Kh8 13.Rc1 h5 14.c5 dxc5 15.Nxc5 c6
16.dxc6 Nxc6 17.Be3 Nd4 18.Nb5 b6 19.Na4 Nxe2+ 20.Qxe2 fxe4 21.Rfd1 Qe8 22.Nac3 exf3
23.gxf3 e4 24.Bd4 exf3 25.Qxe8 Nxe8 26.Bxg7+ Nxg7 27.Ne4 Bf5 28.Nf2 Ne6 29.Rc3 Ng5
30.h4 Nh3+ 31.Nxh3 Bxh3 32.Kf2 Rae8 33.Nd4 Bg4 34.Nxf3 Re6 35.Kg3 Ref6 36.Rdd3 Rxf3+
37.Rxf3 Rxf3+ 38.Rxf3 Bxf3 39.Kxf3 Kg7 40.Ke3 Kf7 41.Kf3 Kf6 42.Kf4 b5  0-1

[Event "DDR-ch 31th"]
[Site "Salzwedel"]
[Date "1982.??.??"]
[Round "5"]
[White "Hesse, Peter"]
[Black "Brueggemann, Joachim"]
[Result "1-0"]
[WhiteElo "2330"]
[BlackElo "2310"]

1.d4 Nf6 2.Nf3 g6 3.c4 Bg7 4.Nc3 O-O 5.e4 d6 6.Be2 e5 7.O-O Nc6 8.d5 Ne7
9.Nd2 c5 10.a3 Ne8 11.b4 b6 12.Nb3 f5 13.Bd2 Nf6 14.f3 Kh8 15.Rb1 Neg8 16.Rb2 Bh6
17.bxc5 bxc5 18.Bxh6 Nxh6 19.Qd2 Kg7 20.Bd3 fxe4 21.Nxe4 Nxe4 22.Bxe4 Rb8
23.Rfb1 Nf5 24.Na5 Rxb2 25.Rxb2 Nd4 26.Nc6 Qc7 27.Qa5 Qxa5 28.Nxa5 Ba6 29.Kf2 h5
30.Ke3 h4 31.h3 Kf6 32.Kd3 Kg5 33.Nc6 Kf4 34.a4 Nf5 35.Nxa7 Ra8 36.Nb5 Bxb5
37.cxb5 Rxa4 38.b6 Ra8 39.Kc4 Nd4 40.b7 Rb8 41.Bxg6 Kg5 42.Be8 Rxe8 43.b8=Q Rxb8
44.Rxb8 Kf4 45.Kd3 Nf5 46.Rf8 Kg5 47.Rg8+ Kf6 48.Rg4 Ne7 49.Rxh4 Nxd5 50.Rg4 Nf4+
51.Kc4 Kf5 52.h4 d5+ 53.Kxc5 e4 54.Kd4 Ne6+ 55.Kxd5 e3 56.Re4 Nf4+ 57.Kd4 Nxg2
58.Kd3  1-0

[Event "DDR-ch 31th"]
[Site "Salzwedel"]
[Date "1982.??.??"]
[Round "8"]
[White "Hesse, Peter"]
[Black "Enders, Peter"]
[Result "0-1"]
[WhiteElo "2330"]
[BlackElo "2315"]

1.d4 Nf6 2.Nf3 g6 3.c4 Bg7 4.Nc3 O-O 5.e4 d6 6.Be2 e5 7.O-O Nc6 8.d5 Ne7
9.Ne1 Nd7 10.Nd3 f5 11.Bd2 Nf6 12.f3 f4 13.c5 g5 14.Rc1 Rf7 15.cxd6 cxd6
16.Nb5 Ng6 17.Qc2 Rb8 18.Nf2 a6 19.Na7 Bd7 20.Nc6 bxc6 21.dxc6 Rc8 22.Qa4 Be6
23.Bxa6 Ra8 24.Qb5 Bc8 25.Bxc8 Qxc8 26.Qc4 Bf8 27.b4 Be7 28.b5 Bd8 29.a4 Kg7
30.a5 Rxa5 31.Bxa5 Bxa5 32.Ra1 Qc7 33.Kh1 Rf8 34.Nd3 Ne7 35.Nb4 Bb6 36.Ra6 Nh5
37.Qe6 Rf6 38.Qh3 Rh6 39.Nd5 Nxd5 40.exd5 Ng3+ 41.hxg3 fxg3 42.Rc1 g4 43.Qxh6+ Kxh6
44.Rxb6 Qd8 45.Rc3 gxf3 46.Rxf3 Qh4+ 47.Kg1 Qd4+  0-1

[Event "DDR-ch 31th"]
[Site "Salzwedel"]
[Date "1982.??.??"]
[Round "10"]
[White "Hesse, Peter"]
[Black "Paehtz, Thomas Sr"]
[Result "1-0"]
[WhiteElo "2330"]
[BlackElo "2380"]

1.d4 Nf6 2.Nf3 d6 3.c4 g6 4.Nc3 Bg7 5.e4 O-O 6.Be2 e5 7.O-O Nc6 8.d5 Ne7
9.Nd2 c5 10.Rb1 Nd7 11.a3 f5 12.b4 Bh6 13.Nb3 Bxc1 14.Qxc1 b6 15.f3 f4 16.Nd1 Nf6
17.Nf2 g5 18.Qc3 Ng6 19.bxc5 bxc5 20.Na5 Qd7 21.Rb3 h5 22.h3 Nh4 23.Rfb1 Qg7
24.Nc6 Kh7 25.Rb8 Rxb8 26.Rxb8 Kh6 27.a4 a6 28.a5 Rg8 29.Qb3 Rf8 30.Rb6 Nd7
31.Bd1 Ng6 32.Qb2 Nxb6 33.axb6 Rf7 34.Na5 Nh4 35.Qa3 Qg8 36.Qa4 Bd7 37.Qb3 Bc8
38.b7 Bxb7 39.Nxb7 Qb8 40.Nxd6 Qxb3 41.Nxf7+  1-0

[Event "Reti mem"]
[Site "Trnava"]
[Date "1982.??.??"]
[Round "2"]
[White "Plachetka, Jan"]
[Black "Dobrovolsky, Ladislav"]
[Result "1-0"]
[WhiteElo "2435"]
[BlackElo "2395"]

1.Nf3 Nf6 2.c4 g6 3.d4 Bg7 4.Nc3 O-O 5.e4 d6 6.Be2 e5 7.O-O Nc6 8.d5 Ne7
9.Nd2 c5 10.dxc6 bxc6 11.b4 d5 12.b5 Be6 13.Ba3 d4 14.Na4 Re8 15.Nc5 Qc8
16.Ndb3 Bg4 17.f3 Bd7 18.Bb4 Bh6 19.Na5 Nh5 20.Ncb7 Be3+ 21.Kh1 Bh3 22.f4 Nxf4
23.gxh3 Qxh3 24.Rxf4 Bxf4 25.Qg1 Qd7 26.Nd6 Reb8 27.Rf1 cxb5 28.cxb5 Nc8
29.Bg4 Qc7 30.Nxc8 Rxc8 31.Bxc8 Rxc8 32.Nc6 Be3 33.Ne7+ Kh8 34.Qg2 Re8 35.Rxf7 Qc1+
36.Qf1 d3 37.Qxc1 Bxc1 38.Nd5 Bf4 39.Nf6  1-0

[Event "DEN-ch"]
[Site "Vejle"]
[Date "1982.??.??"]
[Round "7"]
[White "Berg, Klaus"]
[Black "Kristiansen, Jens"]
[Result "1/2-1/2"]
[WhiteElo "2295"]
[BlackElo "2450"]

1.d4 Nf6 2.Nf3 d6 3.c4 g6 4.Nc3 Bg7 5.e4 O-O 6.Be2 e5 7.O-O Nc6 8.d5 Ne7
9.Ne1 Nd7 10.Bd2 f5 11.Nd3 fxe4 12.Nxe4 Nf5 13.Bg4 Nf6 14.Bg5 Qe8 15.Bxf6 Bxf6
16.c5 Be7 17.Rc1 Qf7 18.cxd6 Bxd6 19.Ndc5 Qe7 20.Qd2 b6 21.Nxd6 cxd6 22.Ne4 Bb7
23.Rfe1 Rac8 24.Rxc8 Rxc8 25.f4 Rf8 26.Ng3 Qf6 27.Ne4 Qe7 28.Ng3 Qf6 29.Ne4 Qe7  1/2-1/2

[Event "DEN-ch"]
[Site "Vejle"]
[Date "1982.??.??"]
[Round "9"]
[White "Brinck Claussen, Bjorn"]
[Black "Kristiansen, Jens"]
[Result "0-1"]
[WhiteElo "2380"]
[BlackElo "2450"]

1.d4 Nf6 2.c4 g6 3.Nc3 Bg7 4.e4 d6 5.Be2 O-O 6.Nf3 e5 7.O-O Nc6 8.d5 Ne7
9.Ne1 Nd7 10.Nd3 f5 11.Bd2 fxe4 12.Nxe4 Nf5 13.Bc3 Nf6 14.Nxf6+ Qxf6 15.g3 Bd7
16.Qb3 Rae8 17.c5 Nd4 18.Bxd4 exd4 19.Qc2 dxc5 20.Rfe1 b6 21.Bf1 Bf5 22.Rxe8 Rxe8
23.Qa4 Rf8 24.f4 g5 25.Re1 gxf4 26.Nxf4 Bh6 27.Qc6 Bxf4 28.Qxf6 Rxf6 29.gxf4 Bg6
30.Bc4 Kf8 31.Rf1 Be4 32.Rf2 Rd6 33.Kf1 Bxd5 34.Bxd5 Rxd5 35.Ke2 c4 36.Kf3 d3  0-1

[Event "Aarhus-B"]
[Site "Aarhus"]
[Date "1983.??.??"]
[Round "6"]
[White "Sorensen, Torben"]
[Black "Jacobsen, Bo"]
[Result "1-0"]
[WhiteElo "2200"]
[BlackElo "2320"]

1.Nf3 Nf6 2.c4 g6 3.Nc3 Bg7 4.e4 O-O 5.d4 d6 6.Be2 e5 7.O-O Nc6 8.d5 Ne7
9.Ne1 Nd7 10.Nd3 f5 11.Bd2 Nf6 12.f3 f4 13.c5 g5 14.Rc1 Ng6 15.cxd6 cxd6
16.Nb5 Rf7 17.Qc2 Ne8 18.a4 h5 19.Nf2 Bf8 20.h3 Rg7 21.Qb3 Nh4 22.Rc2 Kh8
23.Rfc1 Bd7 24.a5 a6 25.Nc7 Ba4 26.Qxa4 Rxc7 27.Rxc7 Nxc7 28.Qb4 Qb8 29.Qb6 Ne8
30.Rc3 Be7 31.Rb3 Ra7 32.Bxa6 Bd8 33.Qc6  1-0